LEADER 01059nam a2200265 i 4500 001 000000155913 003 CaOOAMICUS 005 20061123000000.0 008 061123s1968 it u000 u ita u 013 $a133267 040 $aSeMil$bita 100 1 $aWhitman, Walt <1819-1892>.$0(OLS)http://semarc/name/31295 245 10$aGiorni rappresentativi :$be altre prose /$cWalt Whitman ; a cura di Mariolina Meliadò Freeth. 260 $aVicenza :$bNeri Pozza,$c1968. 300 $aLXXXVI, 723 p. ;$c19 cm. 490 0 $aTradizione americana ;$v14 500 $aFondo Ciprandi. 700 1 $aMeliadò Freeth, Mariolina.$0(OLS)http://semarc/name/60967 830 0$aTradizione americana ;$v14.$0(OLS)http://semarc/title/20201 850 $aSeMil 852 $aSeMil$W1$xVenegono$y1$m1U I 14$j107739$B107739$CSeMilBibl$Z2$F117362 $81 941 1 $a1 961 $aOmaggio: Ciprandi dott. Paolo 996 $6245$aGiorni rappresentativi :$be altre prose$9(OLS)http://semarc/title/228441 996 $6260$aVicenza :$bNeri Pozza$9(OLS)http://semarc/publisher/32468 LEADER 00622nam a2200181 i 4500 001 000000103656 003 CaOOAMICUS 005 20011010000000.0 008 011010s1965 gw u000 u lat u 013 $a75834 040 $aSeMil$bita 245 10$aN-P. 300 $aVIII, 1027 p. 773 0 $tProverbia sententiaeque latinitatis Medii Aevi.$gTeil3$w()1017 773 0 $tCarmina Medii aevi posterioris latina.$dGöttingen : Vandenhoeck & Ruprecht, 1959.$g2$w()6715 850 $aSeMil 852 $aSeMil$W1$xVenegono$y1$mSL1.C II 3$j60116$B60116$CSeMilBibl$Z2$F44587 $8I 996 $6245$aN-P$9(OLS)http://semarc/title/150462